تاريخ ملك و مملكة الحسين 1892-1999 / (رقم التسجيلة. 111448)

تفاصيل مارك
000 -LEADER
fixed length control field 00682nam a22002177a 4500
005 - DATE AND TIME OF LATEST TRANSACTION
control field 20251108174527.0
008 - FIXED-LENGTH DATA ELEMENTS--GENERAL INFORMATION
fixed length control field 250721s1999 xx 000 0 ara d
082 14 - DEWEY DECIMAL CLASSIFICATION NUMBER
Classification number 956.50223/دال
100 1# - MAIN ENTRY--PERSONAL NAME
Personal name دالاس، رولان
Relator term مؤلف
245 10 - TITLE STATEMENT
Title تاريخ ملك و مملكة الحسين 1892-1999 /
246 11 - VARYING FORM OF TITLE
Title proper/short title A LIFE ON THE EDGE KING HUSSEIN
264 1# - PRODUCTION, PUBLICATION, DISTRIBUTION, MANUFACTURE, AND COPYRIGHT NOTICE
Place of production, publication, distribution, manufacture لندن :
Name of producer, publisher, distributor, manufacturer دار جروس برس،
Date of production, publication, distribution, manufacture, or copyright notice 1999.
300 ## - PHYSICAL DESCRIPTION
Extent 304 ص0
650 17 - SUBJECT ADDED ENTRY--TOPICAL TERM
Topical term or geographic name as entry element التراجم
650 17 - SUBJECT ADDED ENTRY--TOPICAL TERM
Topical term or geographic name as entry element الزعماا العرب
650 17 - SUBJECT ADDED ENTRY--TOPICAL TERM
Topical term or geographic name as entry element الاردن
653 ## - INDEX TERM--UNCONTROLLED
Uncontrolled term الحسين بن طلال 1893 - 1999
700 1# - ADDED ENTRY--PERSONAL NAME
Personal name صليبا، جولي
Relator term مترجم
942 ## - ADDED ENTRY ELEMENTS (KOHA)
Source of classification or shelving scheme Dewey Decimal Classification
Koha item type كتب
المقتنيات
حالة السحب حالة الفقدان مصدر التصنيف حالة التلف غير قابل للإعارة المكتبة الرئيسية المكتبة الحالية موقع الرف تاريخ التزويد الرقم المتسلسل Total Checkouts رقم الإستدعاء الباركود تاريخ آخر ظهور تاريخ الفاتورة نوع المادة (كوها)
    Dewey Decimal Classification     مكتبة مرج الحمام مكتبة مرج الحمام الإعارة 05/05/2008 1170592   956.50223/دال PLD00003330 28/07/2025 05/05/2008 كتب
Implemented & Customized by: BBB with SCIT (Smart Chains for Information Technology)

Powered by Koha